|
|
|
|
| LEADER |
01755cam a2200385 i 4500 |
| 001 |
001391736 |
| 003 |
CZ BrMZK |
| 005 |
20160122085221.0 |
| 007 |
aj|canzn |
| 008 |
111208s1967 xr cg a 0| cze d |
| 034 |
1 |
|
|a a
|b 4500000
|d E0200600
|e E0300300
|f N0485700
|g N0385600
|
| 040 |
|
|
|a BOA001
|b cze
|
| 043 |
|
|
|a ed-----
|
| 072 |
|
7 |
|a 913(4)
|x Geografie Evropy, reálie, cestování
|2 Konspekt
|9 7
|
| 072 |
|
7 |
|a 912
|x Mapy. Atlasy. Glóby
|2 Konspekt
|9 7
|
| 080 |
|
|
|a 913(498)
|2 MRF
|
| 080 |
|
|
|a 913(497.2)
|2 MRF
|
| 080 |
|
|
|a (084.3)371.673
|2 MRF
|
| 245 |
0 |
0 |
|a Rumunsko a Bulharsko
|h [kartografický dokument] /
|c zpracoval a vytiskl Kartografický a reprodukční ústav v Bratislavě ; odpovědný redaktor Konštantín Zelenský ; technický redaktor Tiburc Žilinčan
|
| 255 |
|
|
|a Měřítko 1:4 500 000
|c (20°06´00" v.d.--30°03´00" v.d./48°57´00" s.š.--38°56´00" s.š.)
|
| 260 |
|
|
|a Praha :
|b Kartografické nakladatelství,
|c 1967
|e (V Bratislavě :
|f Kartografický a reprodukční ústav)
|
| 300 |
|
|
|a 1 mapa :
|b barev. ;
|c 25 x 17 cm, na listu 30 x 22 cm
|
| 655 |
|
7 |
|a školní mapy
|7 fd133894
|2 czenas
|
| 655 |
|
4 |
|a obecně zeměpisné mapy
|
| 651 |
|
7 |
|a Bulharsko
|7 ge128857
|2 czenas
|
| 651 |
|
7 |
|a Rumunsko
|7 ge130694
|2 czenas
|
| 700 |
1 |
|
|a Zelenský, Konštantín
|7 xx0080813
|4 ctg
|
| 700 |
1 |
|
|a Žilinčan, Tiburc
|4 red
|
| 787 |
0 |
8 |
|i Separát z:
|t Školní zeměpisný atlas světa.
|g 8. vyd.
|
| 710 |
2 |
|
|a Kartografické nakladatelství (Praha, Česko)
|4 pbl
|
| 710 |
2 |
|
|a Kartografický a reprodukčný ústav (Bratislava, Slovensko)
|7 ko2003164640
|4 prt
|
| 910 |
|
|
|a BOA001
|b Skř.9A-0584.374
|
| 990 |
|
|
|a MP
|
| 991 |
|
|
|b 201406
|
| 996 |
6 |
|
|b 2619016248
|c Skř.9A-0584.374
|l MZK
|r Sklad / do 24 hodin
|n 0
|w 001438580
|u 000010
|a 1
|e BOA001
|j MZK50
|s P
|